000 00587nam a2200205 i 4500
001 45677
003 ES-MaACL
005 20230906161247.0
007 t|
008 030326s1972 sp ||||1| spa d
100 1 _aColombo, Arturo.
_939827
245 1 0 _aIdeas polĂ­ticas y sociedad /
_cA. Colombo.
260 _aBilbao :
_bMensajero,
_c[1972]
300 _a416 p. ;
_c22 cm.
490 1 _aBiblioteca Fomento Social ;
_v16
650 _aPolĂ­tica-
_vHistoria.
_9172015
830 1 _aBiblioteca Fomento Social ;
_v16
_9181200
852 _aES-MaACL
_jC-47236
999 _c45677
_d45677